| 000 | 00387nam a2200145 i 4500 | ||
|---|---|---|---|
| 001 | 62020 | ||
| 003 | ES-MaACL | ||
| 007 | t| | ||
| 008 | 031117s1909 it ||||1| ita d | ||
| 100 | 1 |
_aFani, Angelo. _948797 |
|
| 245 | 1 | 3 |
_aLe basi giuridiche della libertá moderna / _cAngelo Fani. |
| 260 |
_aTorino : _bBocca, _c1909. |
||
| 300 |
_aXI, 187 p. ; _c24 cm. |
||
| 852 |
_aES-MaACL _jG-5350 |
||
| 999 |
_c62020 _d62020 |
||